MARC

LEADER 00000nam0a2200000 4500
001 367617
005 20231102012012.0
035 |a (RuTPU)RU\TPU\retro\24980 
090 |a 367617 
100 |a 20220317d1979 km y0rusy50 ca 
101 0 |a rus 
102 |a RU 
105 |a a z 001zy 
200 1 |a Энергетические соотношения в трибосопряжении и прогнозирование его долговечности  |f Б. В. Протасов 
210 |a Саратов  |c Изд-во СГУ  |d 1979 
215 |a 152 с.  |c ил. 
320 |a Библиогр.: с. 143-147 
606 1 |a Трение  |2 stltpush  |3 (RuTPU)RU\TPU\subj\61560  |9 78748 
610 1 |a трибосопряжения 
610 1 |a долговечность 
610 1 |a прогнозирование 
610 1 |a энергетические концепции 
610 1 |a механические взаимодействия 
610 1 |a шероховатые поверхности 
610 1 |a сухое травление 
610 1 |a граничное трение 
610 1 |a неравновесное состояние 
610 1 |a тепловые потоки 
610 1 |a распределение 
675 |a 539.62  |v 4 
700 1 |a Протасов  |b Б. В.  |g Борис Васильевич 
801 1 |a RU  |b 63413507  |c 20220317 
942 |c BK